Europe in the nineteenth and twentieth centuries (1789-1950) / (Record no. 24692)
[ view plain ]
| 000 -LEADER | |
|---|---|
| fixed length control field | 01031nam a22002891a 4500 |
| 001 - CONTROL NUMBER | |
| control field | 24692 |
| 003 - CONTROL NUMBER IDENTIFIER | |
| rucl marc code | BD-RjUL |
| 005 - DATE AND TIME OF LATEST TRANSACTION | |
| control field | 20211209001103.0 |
| 008 - FIXED-LENGTH DATA ELEMENTS--GENERAL INFORMATION | |
| fixed length control field | 140315r19691952enkb b 001 0 eng |
| 035 ## - SYSTEM CONTROL NUMBER | |
| System control number | (BD-RjUL)24761 |
| System control number | (OCoLC)1034259 |
| 040 ## - CATALOGING SOURCE | |
| Original cataloging agency | DLC |
| Transcribing agency | TxU-Da |
| Modifying agency | PPiU |
| -- | Uk |
| -- | DLC |
| -- | BD-RjUL |
| Language of cataloging | eng |
| 041 ## - LANGUAGE CODE | |
| Language code of text/sound track or separate title | eng |
| 082 ## - DEWEY DECIMAL CLASSIFICATION NUMBER | |
| Classification number | 940.27 |
| Author mark and year | GRE 1969 |
| 100 1# - MAIN ENTRY--PERSONAL NAME | |
| Personal name | Grant, A. J. |
| Fuller form of name | (Arthur James), |
| Dates associated with a name | 1862-1948. |
| 9 (RLIN) | 75817 |
| 245 10 - TITLE STATEMENT | |
| Title | Europe in the nineteenth and twentieth centuries (1789-1950) / |
| Statement of responsibility, etc. | A.J. Grant and Harold Temperley. |
| 250 ## - EDITION STATEMENT | |
| Edition statement | 6th ed. |
| 260 ## - PUBLICATION, DISTRIBUTION, ETC. (IMPRINT) | |
| Place of publication, distribution, etc. | London ; |
| -- | New York : |
| Name of publisher, distributor, etc. | Longmans, Green, |
| Date of publication, distribution, etc. | c1952 [Reprinted 1962,1963,1964,1966,1969]. |
| 300 ## - PHYSICAL DESCRIPTION | |
| Pagination | xxii, 603 p. : |
| Illustrations | ill., maps (some col.) ; |
| Size | 22 cm. |
| 504 ## - BIBLIOGRAPHY, ETC. NOTE | |
| Bibliography, etc | Includes bibliographical references and index. |
| 651 #0 - SUBJECT ADDED ENTRY--GEOGRAPHIC NAME | |
| Geographic name | Europe |
| General subdivision | History |
| Chronological subdivision | 1789-1900. |
| 9 (RLIN) | 69784 |
| Geographic name | Europe |
| General subdivision | History |
| Chronological subdivision | 20th century. |
| 9 (RLIN) | 9816 |
| 700 1# - ADDED ENTRY--PERSONAL NAME | |
| Personal name | Temperley, Harold William Vazeille, |
| Dates associated with a name | 1879-1939. |
| 942 ## - ADDED ENTRY ELEMENTS (KOHA) | |
| Source of classification or shelving scheme | Dewey Decimal Classification |
| Koha item type | Books |
| Lost status | Source of classification or shelving scheme | Damaged status | Not for loan | Collection code | Permanent Location | Current Location | Shelving location | Date acquired | Source of acquisition | Total Checkouts | Full call number | Date last seen | Copy number | Koha item type | Cost, normal purchase price |
|---|---|---|---|---|---|---|---|---|---|---|---|---|---|---|---|
| Dewey Decimal Classification | Non-fiction | Central Library, University of Rajshahi | Central Library, University of Rajshahi | 30/01/1973 | Britain | 940.27 GRE 1969 | 15/03/2014 | C-10 | Books | ||||||
| Dewey Decimal Classification | Non-fiction | Central Library, University of Rajshahi | Central Library, University of Rajshahi | 20/10/1962 | Zitlinger | 940.27 GRE 1961 | 16/03/2014 | C-8 | Books | 0.00 | |||||
| Dewey Decimal Classification | Non-fiction | Central Library, University of Rajshahi | Central Library, University of Rajshahi | 06/02/1963 | Zeitlinger | 940.27 GRE 1962 | 16/03/2014 | C-6 | Books | 30.00 | |||||
| Dewey Decimal Classification | Non-fiction | Central Library, University of Rajshahi | Central Library, University of Rajshahi | 16/03/2014 | Not found | 940.27 GAE 1969 | 16/03/2014 | C-9 | Books | 0.00 | |||||
| Dewey Decimal Classification | Non-fiction | Central Library, University of Rajshahi | Central Library, University of Rajshahi | 30/01/1973 | Britain, Gift. | 940.27 GRE 1969 | 16/03/2014 | C-7 | Books | ||||||
| Dewey Decimal Classification | Non-fiction | Central Library, University of Rajshahi | Central Library, University of Rajshahi | 15/05/1967 | Uni. Book Agency | 940.27 GRE 1963 | 18/03/2014 | C-2 | Books | 24.37 | |||||
| Dewey Decimal Classification | Non-fiction | Central Library, University of Rajshahi | Central Library, University of Rajshahi | 21/03/1963 | Zitlinger | 940.27 GRE 1962 | 18/03/2014 | C-3 | Books | 30.00 | |||||
| Dewey Decimal Classification | Non-fiction | Central Library, University of Rajshahi | Central Library, University of Rajshahi | 16/11/1968 | Zitlinger | 940.27 GRE 1966 | 18/03/2014 | C-4 | Books | 35.00 | |||||
| Dewey Decimal Classification | Non-fiction | Central Library, University of Rajshahi | Central Library, University of Rajshahi | 30/01/1973 | Britain | 940.27 GRE 1969 | 18/03/2014 | C-5 | Books | 35.00 | |||||
| Dewey Decimal Classification | Added to bundle | Non-fiction | Central Library, University of Rajshahi | Central Library, University of Rajshahi | Reading Room | 10/02/1973 | Britan | 940.27 GRE 1969 | 08/04/2014 | C-1 | Books | 0.00 |